Years in which the World Series was Dodgers vs. Yankees - Statistics

General Stats
  • This quiz has been taken 52 times
  • The average score is 10 of 12
Answer Stats
Year Winner Loser % Correct
2024 Los Angeles Dodgers New York Yankees
88%
1981 Los Angeles Dodgers New York Yankees
85%
1963 Los Angeles Dodgers New York Yankees
83%
1955 Brooklyn Dodgers New York Yankees
80%
1956 New York Yankees Brooklyn Dodgers
80%
1977 New York Yankees Los Angeles Dodgers
80%
1949 New York Yankees Brooklyn Dodgers
78%
1952 New York Yankees Brooklyn Dodgers
78%
1953 New York Yankees Brooklyn Dodgers
78%
1947 New York Yankees Brooklyn Dodgers
76%
1978 New York Yankees Los Angeles Dodgers
76%
1941 New York Yankees Brooklyn Dodgers
73%
No matching quizzes found
Score Distribution
Percent of People with Each Score
Percentile by Number Answered
Your Score History
You have not taken this quiz